000 00351 a2200169 4500
001 185095
020 _a85-349-0081-7
040 _cMagnum
100 _aAlves, Rubem
240 1 0 _aA selva e o mar
_lpor
245 1 0 _aA selva e o mar
300 _a
362 0 _a1987
440 1 _aPaulus
697 _aLITERATURA INFANTO-JUVENIL
942 _cBK
999 _c185095
_d185095